[Event "Masters"]
[Site "Pinamar ARG"]
[Date "2002.03.23"]
[Round "4"]
[White "Zarnicki,P"]
[Black "Sunye Neto,J"]
[Result "1-0"]
[WhiteElo "2493"]
[BlackElo "2531"]

1.e4 c5 2.Nf3 d6 3.Bb5+ Bd7 4.Bxd7+ Qxd7 5.c4 Nc6 6.Nc3 g6 7.d4 cxd4 8.Nxd4 Bg7
9.Nde2 Nf6 10.f3 O-O 11.O-O a6 12.a4 Rac8 13.Bg5 e6 14.Kh1 Qc7 15.b3 Nd7
16.Rb1 Nc5 17.f4 h6 18.Bh4 Rfe8 19.f5 Ne5 20.f6 Bf8 21.Qd2 Ncd3 22.Nd4 Qa5
23.Nf3 Red8 24.Bg3 Kh7 25.Ne1 Nxe1 26.Bxe1 Qc5 27.Rd1 Qa3 28.Qc2 Nc6 29.Rf3 Qc5
30.Rh3 Qe5 31.Qf2 Nb8 32.Bd2 Nd7 33.Rf1 Nc5 34.Qh4 Qh5 35.Qe1 Qe5 36.Bf4 Qd4
37.Bxh6  1-0

[Event "Open"]
[Site "Mar del Plata ARG"]
[Date "2002.03.24"]
[Round "3"]
[White "Cordero,A"]
[Black "Rubinetti,J"]
[Result "1/2-1/2"]
[WhiteElo "2277"]
[BlackElo "2436"]

1.e4 c5 2.Nf3 d6 3.Bb5+ Bd7 4.Bxd7+ Nxd7 5.O-O Ngf6 6.Re1 e6 7.d3 Be7 8.Nbd2 O-O
9.Nf1 a6 10.h3 Rc8 11.Bd2 Qc7 12.Qe2 Rfe8 13.a4 b6 14.Ne3 Bf8 15.Nh2  1/2-1/2

[Event "57th ch-YUG"]
[Site "Banja Koviljaca YUG"]
[Date "2002.03.26"]
[Round "10"]
[White "Pikula,D"]
[Black "Arsovic,G"]
[Result "1/2-1/2"]
[WhiteElo "2466"]
[BlackElo "2437"]

1.e4 c5 2.Nf3 d6 3.Bb5+ Bd7 4.Bxd7+ Nxd7 5.O-O Ngf6 6.Re1 e6 7.c4 Be7 8.b3 a6
9.Bb2 O-O 10.h3 Qc7 11.d3 b5 12.Nc3 Qb7 13.Qe2 Rfe8 14.e5 Nxe5 15.Nxe5 dxe5
16.Qxe5 Rad8 17.Rad1 Qb8 18.Qe2 Bf8 19.Ne4  1/2-1/2

[Event "Amber Rapidplay"]
[Site "Monaco MNC"]
[Date "2002.03.26"]
[Round "9"]
[White "Topalov,V"]
[Black "Van Wely,L"]
[Result "1/2-1/2"]
[WhiteElo "2739"]
[BlackElo "2697"]

1.e4 c5 2.Nf3 d6 3.Bb5+ Bd7 4.Bxd7+ Qxd7 5.c4 Nc6 6.Nc3 g6 7.d4 cxd4 8.Nxd4 Bg7
9.Nde2 Nf6 10.f3 O-O 11.O-O e6 12.Bg5 h6 13.Bh4 Rfd8 14.f4 a6 15.a4 Qc7 16.Kh1 Qa5
17.b3 Rac8 18.Qe1 Re8 19.Rb1 Nd7 20.Qg3 Nd4 21.Nxd4 Bxd4 22.Ne2 Bg7 23.Qf3 b5
24.Be1 Qc7 25.axb5 axb5 26.Nc3 bxc4 27.Nb5 Qb6 28.bxc4 Qa6 29.Bb4 Bf8 30.Rfc1 Rc6
31.h3 Rec8 32.Rd1 Rxc4 33.Bxd6 Nf6 34.Bxf8 Rxf8 35.Nd6 Rc2 36.Qd3  1/2-1/2

[Event "Open"]
[Site "Mar del Plata ARG"]
[Date "2002.03.28"]
[Round "7"]
[White "Fiorito,F"]
[Black "Herrero,L"]
[Result "1-0"]
[WhiteElo "2353"]
[BlackElo "2210"]

1.Nf3 c5 2.e4 d6 3.Bb5+ Bd7 4.Bxd7+ Qxd7 5.O-O Nc6 6.c3 Nf6 7.Re1 e6 8.d3 Be7
9.Nbd2 O-O 10.Nf1 Ne5 11.Ng3 Qb5 12.c4 Qc6 13.Ng5 Nfd7 14.Nh3 f5 15.Nf4 fxe4
16.Nxe6 Rf6 17.Nf4 exd3 18.Nd5 Rf7 19.f4 Ng6 20.Qxd3 Bf6 21.Ne4 Bd4+ 22.Kh1 b5
23.Ng5 Raf8 24.Nxf7 Rxf7 25.Rb1 bxc4 26.Qxc4 Kh8  1-0

[Event "Suetin Mem"]
[Site "Tula RUS"]
[Date "2002.03.28"]
[Round "6"]
[White "Sinitsin,E"]
[Black "Kiselev,S"]
[Result "0-1"]
[WhiteElo "2325"]
[BlackElo "2437"]

1.e4 c5 2.Nf3 d6 3.Bb5+ Bd7 4.Bxd7+ Qxd7 5.O-O Nc6 6.c3 Nf6 7.Re1 e6 8.d4 cxd4
9.cxd4 d5 10.exd5 Nxd5 11.Nc3 Be7 12.Ne4 O-O 13.a3 Rfd8 14.Qe2 Nf6 15.Rd1 Nxe4
16.Qxe4 Qd5 17.Qe2 Qf5 18.Be3 Rd5 19.Rd2 Rad8 20.Rad1 Bf6 21.h3 h5 22.Kf1 a6
23.b3 g5 24.Ne1 g4 25.hxg4 hxg4 26.Nc2 Kg7 27.f3 Rh8 28.Bg1 gxf3 29.gxf3 Qh3+
30.Qg2+ Rg5 31.Qxh3 Rxh3 32.Ne1 Rd5 33.Ke2 Ne7 34.Nd3 Rf5 35.Nc5 b6 36.Nxa6 Rhxf3
37.Rd3 Rxd3 38.Rxd3 Rg5 39.Bf2 Ra5 40.Nc7 Rxa3 41.Ne8+ Kg6 42.Rg3+ Bg5 43.Be3 Ra5
44.Kd3 f6 45.Nc7 Nf5 46.Bxg5 Nxg3 47.Bd2 Ra3 48.Nxe6 Rxb3+ 49.Kc4 Rb1 50.d5 Nf5
51.Bf4 Kf7  0-1

[Event "Suetin Mem"]
[Site "Tula RUS"]
[Date "2002.03.28"]
[Round "6"]
[White "Nizamov,I"]
[Black "Vaulin,A"]
[Result "1-0"]
[WhiteElo "2394"]
[BlackElo "2560"]

1.e4 c5 2.Nf3 d6 3.Bb5+ Bd7 4.Bxd7+ Qxd7 5.c4 Nc6 6.Nc3 Ne5 7.d3 e6 8.O-O Ne7
9.Ne1 g6 10.f4 N5c6 11.Nf3 Bg7 12.Be3 f5 13.Qd2 Nd4 14.Bxd4 cxd4 15.Ne2 e5
16.fxe5 dxe5 17.exf5 Nxf5 18.Ng5 Bh6 19.g4 Nd6 20.Ng3 Qxg4 21.Qb4 Rd8 22.Ne4  1-0

[Event "Suetin Mem"]
[Site "Tula RUS"]
[Date "2002.03.29"]
[Round "7"]
[White "Kornev,Alexe"]
[Black "Vorobiov,E"]
[Result "1-0"]
[WhiteElo "2536"]
[BlackElo "2534"]

1.e4 c5 2.Nf3 d6 3.Bb5+ Nd7 4.d4 Nf6 5.Nc3 a6 6.Bxd7+ Nxd7 7.O-O e6 8.Bg5 Qc7
9.d5 e5 10.a4 h6 11.Bh4 g6 12.Nd2 Bg7 13.Nc4 Nb6 14.Na3 O-O 15.a5 Nd7 16.Be7 Qxa5
17.Nc4 Qc7 18.Nxd6 Rd8 19.Ncb5  1-0

[Event "IDJM"]
[Site "Augsburg GER"]
[Date "2002.04.03"]
[Round "2"]
[White "Gross,Dav GER"]
[Black "Rau,H"]
[Result "1/2-1/2"]
[WhiteElo "2463"]
[BlackElo "2297"]

1.e4 c5 2.Nf3 d6 3.Bb5+ Bd7 4.Bxd7+ Qxd7 5.c4 g6 6.d4 Bg7 7.Nc3 cxd4 8.Nxd4 Nc6
9.Nde2 Nf6 10.f3 O-O 11.O-O Rac8 12.Rb1 Rfd8 13.Bg5 h6 14.Bh4 g5 15.Bf2 e6
16.Ng3 d5 17.cxd5 exd5 18.h4 dxe4 19.hxg5 hxg5 20.Qxd7 Rxd7 21.Ncxe4 Nxe4
22.Nxe4 Nd4 23.Rfd1 Rcd8 24.Kf1 Rd5 25.Nc3  1/2-1/2

[Event "ch-MGL w"]
[Site "Ulaanbaatar MGL"]
[Date "2002.04.04"]
[Round "4"]
[White "Soyolmaa,D"]
[Black "Anhchimeg,B"]
[Result "0-1"]
[WhiteElo "2056"]
[BlackElo "2200"]

1.e4 c5 2.Nf3 d6 3.Bb5+ Bd7 4.Bxd7+ Qxd7 5.c4 Nc6 6.Nc3 e5 7.d3 Nge7 8.O-O g6
9.a3 Bg7 10.Bg5 f6 11.Bd2 O-O 12.Nd5 h6 13.b4 cxb4 14.Nxe7+ Nxe7 15.axb4 f5
16.Qb3 Kh7 17.b5 f4 18.Bc3 g5 19.Rfd1 g4 20.Ne1 f3 21.g3 Qe6 22.Ra2 b6 23.Rda1 Nc8
24.Nc2 Rb8 25.Ne3 Rb7 26.Nd5 h5 27.Bd2 Bh6 28.Qd1 h4 29.Bxh6 Qxh6 30.Qc1 Qh5
31.Ne3 hxg3 32.fxg3 f2+ 33.Kh1 Rf3 34.Nf1 Rg7 35.Rd2 Qf7 36.Qc2 Rg8 37.Kg2 Rf8
38.Qd1 Qh5 39.Qc2 R8f7 40.Qd1 Ne7 41.Raa2 Rxg3+  0-1

[Event "IDJM"]
[Site "Augsburg GER"]
[Date "2002.04.05"]
[Round "4"]
[White "L'Ami,E"]
[Black "Baramidze,D"]
[Result "1/2-1/2"]
[WhiteElo "2353"]
[BlackElo "2328"]

1.e4 c5 2.Nf3 d6 3.Bb5+ Bd7 4.Bxd7+ Qxd7 5.O-O Nc6 6.c4 e5 7.Nc3 g6 8.d3 Bg7
9.a3 Nge7 10.Rb1 O-O 11.b4 b6 12.b5 Nd4 13.Nxd4 cxd4 14.Nd5 f5 15.Nxe7+ Qxe7
16.Qe2 fxe4 17.Qxe4 Rad8 18.Bd2 Qe6 19.a4 Rf7 20.Ra1 d5 21.cxd5 Rxd5 22.Rac1 Rc5
23.Qa8+ Bf8 24.Bh6 Rxc1 25.Bxc1 Qf5 26.Bh6 Qxd3 27.Bxf8 Rxf8 28.Qd5+ Rf7
29.Qxe5 Qd2 30.g3 d3 31.Qe8+ Kg7 32.Qe5+ Kg8  1/2-1/2

[Event "III Open"]
[Site "Dos Hermanas ESP"]
[Date "2002.04.06"]
[Round "2"]
[White "Jaksland,T"]
[Black "Suba,M"]
[Result "0-1"]
[WhiteElo "2270"]
[BlackElo "2528"]

1.e4 c5 2.Nf3 d6 3.Bb5+ Nd7 4.d4 Nf6 5.Nc3 cxd4 6.Qxd4 e5 7.Qd3 h6 8.Be3 Be7
9.Bc4 a6 10.O-O Nb6 11.Bb3 Be6 12.Rfe1 Rc8 13.Nd2 O-O 14.Rad1 Rc6 15.Bxb6 Qxb6
16.Nf1 Qc7 17.Ne3 Rc5 18.Re2 Rc8 19.Ncd5 Nxd5 20.Nxd5 Bxd5 21.Bxd5 Rxc2 22.Rxc2 Qxc2
23.Qxc2 Rxc2 24.Bxb7 Rxb2 25.Bxa6 Rxa2 26.Bc4 Rc2 27.Bd5 Bd8 28.f3 Bb6+ 29.Kh1 h5
30.Rb1 h4 31.Rf1 Bf2 32.Bb3 Rb2 33.Bc4 g6 34.Bd5 Kg7 35.Rc1 f5 36.Ra1 Kf6
37.Rd1 Bc5 38.Rf1 Kg5 39.g3 hxg3 40.hxg3 f4 41.Re1  0-1

[Event "TCh-CZE 2001-2"]
[Site "CZE"]
[Date "2002.04.07"]
[Round "11"]
[White "Vyskocil,N"]
[Black "Kalod,R"]
[Result "1/2-1/2"]
[WhiteElo "2297"]
[BlackElo "2462"]

1.e4 c5 2.Nf3 d6 3.Bb5+ Nd7 4.d4 Nf6 5.Nc3 cxd4 6.Qxd4 e5 7.Qd3 h6 8.a4 a6
9.Bxd7+ Bxd7 10.O-O Be7 11.Rd1 O-O 12.Nd5 Nxd5 13.Qxd5 Qc7 14.Qd3 Rac8 15.Rd2 Rfd8
16.b3 Be6 17.Ba3 d5 18.Bxe7 Qxe7 19.Rad1 f6 20.exd5 Rxd5 21.Qe4 Rxd2 22.Rxd2 Rd8
23.h3 Rxd2 24.Nxd2 Qd7 25.Qe3 Bf5 26.c4 a5 27.f3 Qd3 28.Kf2 Kf7 29.Qxd3 Bxd3
30.Ke3 Bc2 31.c5 Ke6 32.Nc4 Bxb3 33.Nxa5 Bd5 34.Kd3 f5 35.Kc3 f4 36.Nc4 e4
37.Nb6 exf3 38.gxf3 Bxf3 39.Kd4 g5 40.Nc4 Bg2 41.a5 h5 42.Ne5 h4 43.Nd3 Kf5
44.Nf2 Bc6 45.Ng4 Bf3 46.Nf2 Bg2 47.Kc4 g4 48.hxg4+ Kg5 49.Kd4 h3 50.c6 Bxc6
51.Nxh3+ Kxg4 52.Nxf4 Kxf4 53.Kc5 Be4 54.a6 bxa6 55.Kb4 Ke3 56.Ka3 Kd2 57.Kb2 a5
58.Ka1 Kc1 59.Ka2 Bd5+ 60.Ka1  1/2-1/2

[Event "ClubCh-EST"]
[Site "Tallinn EST"]
[Date "2002.04.07"]
[Round "9"]
[White "Krupenski,Y"]
[Black "Kulaots,K"]
[Result "1/2-1/2"]
[WhiteElo "2228"]
[BlackElo "2531"]

1.e4 c5 2.Nf3 d6 3.Bb5+ Nc6 4.O-O Bd7 5.Re1 Nf6 6.c3 a6 7.Bf1 Bg4 8.h3 Bxf3
9.Qxf3 g6 10.Qd1 Bh6 11.d3 Bxc1 12.Qxc1 O-O 13.Nd2 b5 14.Nf3 e5 15.a4 Qb6
16.axb5 axb5 17.Qg5 Kg7 18.Qe3 Nd7 19.Red1 Ra4 20.Rab1 Rb8 21.b3 Ra2 22.d4 cxd4
23.cxd4 Nf6  1/2-1/2

[Event "1st It"]
[Site "Asuncion PAR"]
[Date "2002.04.11"]
[Round "4"]
[White "Dorin,M"]
[Black "Sosa Harrison,J"]
[Result "1/2-1/2"]
[WhiteElo "2389"]
[BlackElo "2285"]

1.e4 c5 2.Nf3 d6 3.Bb5+ Nc6 4.O-O Bd7 5.c3 Nf6 6.Re1 a6 7.Bf1 e5 8.h3 Be7
9.d4 h6 10.a4 O-O 11.Na3 cxd4 12.cxd4 exd4 13.Nxd4 d5 14.exd5 Nxd5 15.Nxc6 Bxc6  1/2-1/2

[Event "ch-CUB"]
[Site "Holguin City CUB"]
[Date "2002.04.13"]
[Round "12"]
[White "De la Paz,F"]
[Black "Gonzalez,Y"]
[Result "1-0"]
[WhiteElo "2427"]
[BlackElo "2444"]

1.e4 c5 2.Nf3 d6 3.Bb5+ Bd7 4.Bxd7+ Qxd7 5.c4 Nc6 6.Nc3 e5 7.O-O Nge7 8.d3 g6
9.a3 Bg7 10.Rb1 O-O 11.b4 Nd4 12.Be3 b6 13.Nd2 h5 14.Nd5 Ne6 15.b5 f5 16.f3 Kh7
17.a4 Bh6 18.Bxh6 Kxh6 19.a5 Rab8 20.Ra1 Nxd5 21.exd5 Nf4 22.Nb1 g5 23.Qd2 Kh7
24.Nc3 Rg8 25.Ne2 Qg7 26.Kh1 h4 27.axb6 axb6 28.Nxf4 gxf4 29.Qf2 Qe7 30.Ra6 Rb7
31.Rfa1 Qg5 32.Ra7 Rbg7 33.h3 Rxa7 34.Rxa7+ Rg7 35.Ra6 Rb7 36.Kg1 Qd8 37.Qa2 Qd7
38.Ra8 Qg7 39.Kf1 Re7 40.Qf2 Qf6 41.Ra6 Rb7 42.Qc2 Qf7 43.Ke1 Qg6 44.Qf2 Qf6
45.Kd1 Qe7 46.Kc1 Qf6 47.Kc2 Qd8 48.Kb3 Qg5 49.Qa2 Qg7 50.Ra8 Qe7 51.Qa6  1-0

[Event "chJ-POL b20"]
[Site "Trzebinia POL"]
[Date "2002.04.13"]
[Round "2"]
[White "Barglowski,F"]
[Black "Tomczak,Raf"]
[Result "0-1"]
[WhiteElo "2262"]
[BlackElo "2384"]

1.e4 c5 2.Nf3 d6 3.Bb5+ Nc6 4.O-O Bd7 5.Re1 Nf6 6.h3 a6 7.Bf1 Qb6 8.c3 Ne5
9.d4 Nxf3+ 10.gxf3 cxd4 11.cxd4 e5 12.Be3 Qxb2 13.Nd2 b5 14.Nb3 Rc8 15.Re2 Qa3
16.f4 Be7 17.Bg2 exf4 18.Bxf4 O-O 19.Re3 Qb4 20.Rg3 Kh8 21.Rb1 Qa4 22.e5 Ne8
23.Be4 f5 24.exf6 Nxf6 25.Bg2 Bf5 26.Rb2 Rc7 27.Qd2 Nh5 28.Nc5 Rxc5 29.dxc5 Qxf4
30.Qxf4 Nxf4 31.cxd6 Bxd6 32.Bf1 Ne6 33.Rf3 Nd4 34.Re3 Bf4  0-1

[Event "chJ-POL b20"]
[Site "Trzebinia POL"]
[Date "2002.04.13"]
[Round "2"]
[White "Slaby,J"]
[Black "Heberla,B"]
[Result "1/2-1/2"]
[WhiteElo "2305"]
[BlackElo "2426"]

1.e4 c5 2.Nf3 d6 3.Bb5+ Nc6 4.d4 cxd4 5.Qxd4 Bd7 6.Bxc6 Bxc6 7.Nc3 h6 8.Be3 e5
9.Qd3 Nf6 10.O-O Be7 11.Rad1 O-O 12.h3 Qc7 13.Nh2 b5 14.Ng4 Nxg4 15.hxg4 b4
16.Nd5 Bxd5 17.Qxd5 Rac8 18.Rc1 Qc4 19.Rfd1 Qxd5 20.Rxd5 Rc7 21.Ra5 Bg5 22.Bxg5 hxg5
23.c4 bxc3 24.Rxc3 Rxc3 25.bxc3 Rc8 26.Rxa7 Rxc3 27.Ra8+ Kh7 28.a4 Rc1+ 29.Kh2 Re1
30.f3 Ra1 31.a5 Kg6 32.a6 Kf6 33.Kg3 Ra2 34.Kh2 Ra1 35.g3 Ke7 36.Kg2 g6 37.Kf2 Ra3
38.Ra7+ Ke6 39.Ra8 Ke7 40.Ra7+ Ke6 41.Ra8  1/2-1/2

[Event "Classics GM"]
[Site "Gausdal NOR"]
[Date "2002.04.16"]
[Round "7"]
[White "Royset,P"]
[Black "Kulaots,K"]
[Result "1/2-1/2"]
[WhiteElo "2280"]
[BlackElo "2531"]

1.e4 c5 2.Nf3 d6 3.Bb5+ Nc6 4.O-O Bd7 5.Re1 Nf6 6.c3 a6 7.Bf1 Bg4 8.h3 Bxf3
9.Qxf3 g6 10.d3 Bg7 11.Bg5 b5 12.a3 O-O 13.Nd2 Qb6 14.Qe3 Rfe8 15.f4 Nd7
16.Kh1 a5 17.a4 b4 18.Nc4 Qa7 19.Qd2 Rab8 20.Be2 Qc7 21.Bf3 bxc3 22.bxc3 Rb3
23.Rec1 Nf8 24.e5 Rbb8 25.Bxe7 Nxe7 26.exd6 Qd8 27.dxe7 Rxe7 28.f5 gxf5 29.Qf4 Rb3
30.Qxf5 Bxc3 31.Ra2 Bd4 32.Be4 Ng6 33.Rf1 Qc7 34.Qg5 Rc3 35.Re2 Re6 36.Qg4 Kg7
37.h4 Qe7 38.h5 Qh4+ 39.Qxh4 Nxh4 40.g4 f5 41.gxf5 Rh6 42.Kh2 Rxh5 43.Kg3 Bf6
44.Rb2 Rg5+ 45.Kh3 Rh5 46.Rb7+ Kf8 47.Kg4 Rg5+ 48.Kf4 Ng2+ 49.Kf3 Nh4+ 50.Kf4 Ng2+
51.Kf3  1/2-1/2

[Event "City-ch w"]
[Site "St-Petersburg RUS"]
[Date "2002.04.16"]
[Round "1"]
[White "Miednikova,S"]
[Black "Polpur,E"]
[Result "1-0"]
[WhiteElo "2167"]
[BlackElo "2063"]

1.e4 c5 2.Nf3 d6 3.Bb5+ Bd7 4.Bxd7+ Qxd7 5.O-O Nc6 6.c3 Nf6 7.Re1 g6 8.d4 cxd4
9.cxd4 Bg7 10.d5 Nb4 11.Nc3 O-O 12.Be3 Rfc8 13.Bd4 b6 14.Qe2 Qb7 15.a3 Na6
16.b4 Nb8 17.Rac1 Nbd7 18.h3 a6 19.Rc2 Bh6 20.Be3 Bxe3 21.Qxe3 Rc7 22.Rec1 Rac8
23.Qd3 b5 24.Ne2 Nb6 25.Ned4 Rxc2 26.Rxc2 Rxc2 27.Qxc2 Nc4 28.a4 e6 29.dxe6 fxe6
30.axb5 axb5 31.Nxe6 Nxe4 32.Nfd4 Qd5 33.Qa2 Qb7 34.Qa1 Ne5 35.f3 Nf6 36.Qa5 Qc8
37.Qxb5 Qc1+ 38.Kh2 Ned7 39.Qa6 d5 40.Qd6 Qc4 41.Qe7  1-0

[Event "XX Open"]
[Site "Metz FRA"]
[Date "2002.04.17"]
[Round "5"]
[White "Degraeve,JM"]
[Black "Roeder,M"]
[Result "1/2-1/2"]
[WhiteElo "2591"]
[BlackElo "2478"]

1.e4 c5 2.Nf3 d6 3.Bb5+ Bd7 4.Bxd7+ Qxd7 5.O-O Nc6 6.c3 Nf6 7.d4 Nxe4 8.d5 Ne5
9.Re1 Nxf3+ 10.Qxf3 Nf6 11.c4 e5 12.dxe6 fxe6 13.Bg5 Be7 14.Nc3 h6 15.Bh4 O-O-O
16.Rad1 Rhe8 17.Bg3 a6 18.h3 d5 19.b4 cxb4 20.cxd5 Bd6 21.Bxd6 Qxd6 22.dxe6 Qc6
23.Rxd8+ Kxd8 24.Qd3+ Kc8 25.Ne2 Qxe6 26.Qg3 Qe5 27.Qxg7 Kb8  1/2-1/2

[Event "Open"]
[Site "Dubai UAE"]
[Date "2002.04.18"]
[Round "4"]
[White "Mirzoeva,E"]
[Black "Timofeev,Ar"]
[Result "0-1"]
[WhiteElo "2296"]
[BlackElo "2539"]

1.e4 c5 2.Nf3 d6 3.Bb5+ Bd7 4.Bxd7+ Nxd7 5.O-O Ngf6 6.Re1 e6 7.c4 Be7 8.d4 cxd4
9.Nxd4 a6 10.b3 Rc8 11.Bb2 Qa5 12.Nc3 O-O 13.Qd2 Rfe8 14.Rad1 Bf8 15.f4 g6
16.Nf3 Qc5+ 17.Kh1 Rcd8 18.e5 dxe5 19.fxe5 Nxe5 20.Nd5 exd5 21.Nxe5 Ne4 22.Rxe4 dxe4
23.Nd7 Rxd7 24.Qxd7 Re7 25.Qd2 Re6 26.Rf1 Qd6 27.Qf2 f5 28.Bd4 Bh6 29.Be3 Bxe3
30.Qxe3 Qd3 31.Qxd3 exd3 32.Kg1 Kf7 33.Rd1 Re3 34.Kf2 f4 35.Re1 Re6 36.Rd1 Re3
37.Re1 Re6 38.Rd1 Rd6 39.Ke1 Kf6 40.Kd2 g5 41.c5 Rd8 42.Rc1 g4 43.c6 bxc6
44.Rxc6+ Kg5 45.Rc3 f3 46.g3 f2 47.Rc1 Rf8 48.Rf1 Rf3 49.b4 Kf5 50.a4 Ke4
51.a5 Rf7 52.b5 axb5 53.a6 Kf3  0-1

[Event "Alushta-100"]
[Site "Alushta UKR"]
[Date "2002.04.19"]
[Round "?"]
[White "Vozovic,O"]
[Black "Karjakin,Sergey"]
[Result "1/2-1/2"]
[WhiteElo "2297"]
[BlackElo "2489"]

1.e4 c5 2.Nf3 d6 3.Bb5+ Nd7 4.O-O Nf6 5.e5 dxe5 6.Nxe5 a6 7.Nxd7 Nxd7 8.Be2 e6
9.d4 Be7 10.dxc5 Bxc5 11.Nc3 O-O 12.Bd3 b6 13.Qg4 g6 14.Bh6 Re8 15.Rad1 Bb7
16.Be4 Bxe4 17.Qxe4 Qc7 18.Rd3 Rad8 19.Bg5 f6 20.Bf4 Qc8 21.Rfd1 Bf8 22.Qe3 e5
23.Bh6 Bxh6 24.Qxh6 Nc5 25.Rd5 Rxd5 26.Nxd5 Qc6 27.h4 Nd7 28.Nb4 Qc8 29.Nxa6 Nf8
30.Nb4 Qg4 31.Qd2 Qxh4 32.Qd5+ Kg7 33.Qb7+ Kg8 34.Qxb6 f5 35.Qb5 Re6 36.Qb8 e4
37.Nd5 g5 38.Qd8 Rh6 39.Nf6+ Kg7 40.Qe7+ Kg6 41.Qe8+ Kg7 42.Qe7+ Kg6 43.Qe8+ Kg7
44.Qe7+ Kg6  1/2-1/2

[Event "Alushta-100"]
[Site "Alushta UKR"]
[Date "2002.04.19"]
[Round "?"]
[White "Zavgorodniy,S"]
[Black "Karjakin,Sergey"]
[Result "1/2-1/2"]
[WhiteElo "2389"]
[BlackElo "2489"]

1.e4 c5 2.Nf3 d6 3.Bb5+ Bd7 4.Bxd7+ Qxd7 5.O-O Nc6 6.b3 Nf6 7.Re1 e6 8.Bb2 Be7
9.e5 dxe5 10.Nxe5 Nxe5 11.Bxe5 O-O 12.Nc3 Rfd8 13.d3 Nd5 14.Qg4 f6 15.Nxd5 exd5
16.Qxd7 Rxd7 17.Bf4 Kf7 18.Kf1 Rc8 19.a4 Bd8 20.Rad1 Ba5 21.Re2 Rcd8 22.Be3 Rc8
23.Bd2 Bc7 24.Bc3 Bb8 25.Rde1 h5 26.g3 b6 27.Kg2 Bd6 28.f4 a6 29.Bb2 Bf8
30.Re6 Re7 31.f5 Rc6 32.Rxe7+ Bxe7 33.Kh3 c4 34.Re2 Bf8 35.Kh4 g6 36.fxg6+ Kxg6
37.g4 hxg4 38.Kxg4 b5 39.axb5  1/2-1/2

[Event "TCh-ISR"]
[Site "ISR"]
[Date "2002.04.19"]
[Round "9"]
[White "Vydeslaver,A"]
[Black "Lerner,K"]
[Result "1/2-1/2"]
[WhiteElo "2408"]
[BlackElo "2569"]

1.e4 c5 2.Nf3 d6 3.Bb5+ Bd7 4.Bxd7+ Nxd7 5.O-O Ngf6 6.Nc3 g6 7.d3 Bg7 8.h3 O-O
9.Bg5 Ne5 10.Nxe5 dxe5 11.Qd2 Ne8 12.Nd5 f6 13.Be3 b6 14.a4 e6 15.Nc3 Nd6
16.a5 Qd7 17.b3 Qc6 18.axb6 axb6 19.f3 f5 20.Bg5 Nf7 21.Be3 Bf6 22.Rfb1 Be7
23.Qe1 h5 24.Rxa8 Rxa8 25.Ra1 Kg7 26.Qb1 Qb7 27.Ra2 Nd8 28.Rxa8 Qxa8 29.Qa2 Qxa2
30.Nxa2 Nc6 31.b4 Kf7 32.Kf1 Ke8 33.Ke1 Kd7 34.Kd2 cxb4 35.Bxb6 Kc8 36.Be3 Kb7
37.Nc1 Ka6 38.Nb3 Kb5 39.Kc1 Bd8 40.Nd2 Na5 41.Kb2 f4 42.Bf2 Bf6 43.Nb3 Nb7
44.Ba7 Be7 45.Ka2 Bd6 46.Bf2 g5 47.h4 Be7 48.hxg5 Bxg5 49.d4 Bf6 50.dxe5 Bxe5
51.Nd4+ Kc4 52.Nxe6 Kc3 53.Kb1 Kd2 54.Bh4 Nd6 55.Bg5 Ke3 56.g3 Kxf3 57.gxf4 Bc3
58.e5 Nf5 59.Nc7 h4 60.Bxh4 Nxh4 61.e6 Nf5 62.Nd5 Ke4  1/2-1/2

[Event "XX Open"]
[Site "Metz FRA"]
[Date "2002.04.20"]
[Round "8"]
[White "Klinova,M"]
[Black "Zagrebelny,S"]
[Result "0-1"]
[WhiteElo "2432"]
[BlackElo "2503"]

1.e4 c5 2.Nf3 d6 3.Bb5+ Nd7 4.O-O a6 5.Bxd7+ Bxd7 6.d4 cxd4 7.Qxd4 e5 8.Qd3 h6
9.c4 Nf6 10.Nc3 Be7 11.b3 O-O 12.a4 b5 13.axb5 axb5 14.Be3 b4 15.Nb5 Bc6
16.Nd2 Ng4 17.Rxa8 Bxa8 18.Ba7 Qa5 19.f3 Nf6 20.Bf2 Nd7 21.Rd1 Nc5 22.Qb1 Bc6
23.Qa1 Ra8 24.Qxa5 Rxa5 25.Bxc5 dxc5 26.Nc7 Ra3 27.Rb1 Bg5 28.Nf1 g6 29.Nd5 f5
30.Ng3 Bxd5 31.cxd5 Be3+ 32.Kf1 f4 33.Ne2 Ra2 34.g3 g5 35.g4 Kf7 36.Ke1 Ke7
37.h3 Kd6 38.Kf1 Kc7 39.Ke1 Kb7 40.Kf1 Kb6 41.Ke1 Rc2 42.Kd1 Rd2+ 43.Ke1 Rd3
44.Rb2 Kb5 45.Rb1 Bd2+ 46.Kf2 c4 47.bxc4+ Kxc4 48.Nc1 Rc3 49.Ne2 Rc2 50.d6 b3
51.d7 Ba5  0-1

[Event "Open"]
[Site "Dubai UAE"]
[Date "2002.04.22"]
[Round "6"]
[White "Bakre,T"]
[Black "Neverov,V"]
[Result "1/2-1/2"]
[WhiteElo "2477"]
[BlackElo "2578"]

1.e4 c5 2.Nf3 d6 3.Bb5+ Nd7 4.d4 cxd4 5.Qxd4 e5 6.Qd3 a6 7.Bc4 Nc5 8.Qe2 Nf6
9.Ng5 Ne6 10.Nc3 Be7 11.O-O O-O 12.Nxe6 Bxe6 13.Bb3 Rc8 14.Rd1 h6 15.Nd5 Nxd5
16.Bxd5 Bxd5 17.Rxd5 Qc7 18.c3 Qc4 19.Qxc4 Rxc4 20.f3 f5 21.exf5 Rxf5 22.Bd2 Rc6
23.Rd1 Kf7 24.Be3 Ke6 25.Kf2 Rf8 26.Ke2 b5 27.a3 Rc4 28.Bf2 g5 29.h3 h5 30.Be1 g4
31.hxg4 hxg4 32.R1d3  1/2-1/2

[Event "3rd Karpov It"]
[Site "Poikovsky RUS"]
[Date "2002.04.22"]
[Round "7"]
[White "Vescovi,G"]
[Black "Obodchuk,A"]
[Result "1-0"]
[WhiteElo "2611"]
[BlackElo "2435"]

1.e4 c5 2.Nf3 d6 3.Bb5+ Bd7 4.Bxd7+ Qxd7 5.c4 Nc6 6.Nc3 g6 7.d4 cxd4 8.Nxd4 Bg7
9.Nde2 Nf6 10.f3 O-O 11.O-O a6 12.a4 e6 13.Bg5 Qc7 14.Kh1 Rfd8 15.Rb1 Ne7
16.Rc1 Rac8 17.b3 Qb6 18.Bh4 Qa5 19.Be1 Qc7 20.Bg3 b6 21.Qd2 Nh5 22.Bh4 Qb7
23.Rfd1 Rd7 24.Bxe7 Rxe7 25.Qxd6 Bh6 26.Rb1 Bf8 27.Rd2 Ree8 28.Qd3 Qb8 29.Rdd1 Bg7
30.Qe3 Be5 31.g3 Rc5 32.f4 Bxc3 33.Nxc3 e5 34.f5 Nf6 35.Rf1 Kg7 36.Rf3 Qd8
37.Rbf1 Rf8 38.fxg6 fxg6 39.Qf2 Qd6 40.Qe2 Rcc8 41.Kg2 Rcd8 42.R1f2 a5 43.h3 Nd7
44.Nd5 Rxf3 45.Rxf3 Rf8 46.Qe3 Rxf3 47.Kxf3 Qe6 48.g4 Qd6 49.Ke2 Nc5 50.Kd2 h6
51.Kc2 Qd8 52.Kb2 Qd6 53.h4 Qe6 54.Qf3 Qd6 55.g5 Nd7 56.gxh6+ Kxh6 57.Qg4 Nc5
58.Qg5+ Kg7 59.Qe3 Qe6 60.Qf3 Qd6 61.h5 g5 62.Kc2 Qe6 63.Ne3 Qd7 64.Ng4 Qd6
65.Qe3 Ne6 66.Kb2 Nf4 67.Qc3 Nd3+ 68.Kb1 Kh7 69.Ne3 Nc5 70.Nd5 Qf8 71.Qxe5 Qf1+
72.Ka2 Qe2+ 73.Ka3 Qf1 74.Qe7+ Kh6 75.Qf6+ Qxf6 76.Nxf6 Kg7  1-0

[Event "TSGM April"]
[Site "Belgrade YUG"]
[Date "2002.04.23"]
[Round "4"]
[White "Cabrilo,G"]
[Black "Vujacic,B"]
[Result "1/2-1/2"]
[WhiteElo "2501"]
[BlackElo "2417"]

1.e4 c5 2.Nf3 d6 3.Bb5+ Bd7 4.Bxd7+ Nxd7 5.c4 Ne5 6.d4 Nxf3+ 7.gxf3 cxd4
8.Qxd4 Nf6 9.Nc3 g6 10.c5 dxc5 11.Qxc5 Bg7 12.Qb5+ Qd7 13.Be3 O-O 14.Qxd7 Nxd7
15.Ke2 Rfc8 16.Rhd1 Ne5 17.Rac1 Kf8 18.Nb5 Rxc1 19.Rxc1 Nc6 20.b3 a6 21.Nc3 Rc8
22.f4 Nd4+ 23.Kd3 Ne6 24.Nd5 Rxc1 25.Bxc1 Bh6 26.e5 Ke8 27.Be3 Bg7 28.Ke4 Nd8
29.Bc5 Nc6 30.Nb6 Kd8 31.b4 Kc7 32.a4 Kd8 33.Nc4 Kd7 34.b5 axb5 35.axb5 Nd8
36.f5 gxf5+ 37.Kxf5 Ne6 38.Be3 Nc7 39.b6 Nd5 40.Bd4 e6+ 41.Ke4 Bf8 42.f4 Bb4
43.f5 Kc6  1/2-1/2

[Event "Open"]
[Site "Dubai UAE"]
[Date "2002.04.23"]
[Round "7"]
[White "Alqudaimi,B"]
[Black "Anastasian,A"]
[Result "0-1"]
[WhiteElo "2237"]
[BlackElo "2591"]

1.e4 c5 2.Nf3 d6 3.Bb5+ Nd7 4.d4 cxd4 5.Qxd4 a6 6.Bxd7+ Bxd7 7.Nc3 e5 8.Qd3 h6
9.Be3 Nf6 10.h3 Rc8 11.Nd2 Qc7 12.Rc1 Be7 13.O-O O-O 14.a3 b5 15.Rfd1 Qb7
16.Nb3 Rc7 17.f3 Rfc8 18.g4 Rxc3 19.bxc3 Be6 20.h4 d5 21.Nd2 Bxa3 22.Rb1 dxe4
23.Nxe4 Nxe4 24.Qxe4 Qxe4 25.fxe4 Bxg4 26.Rd5 Be6 27.Rd3 Be7 28.Ra1 Rc6 29.Bf2 h5
30.Bg3 f6 31.Kf2 Kf8 32.Ke3 Ke8  0-1

[Event "TSGM April"]
[Site "Belgrade YUG"]
[Date "2002.04.25"]
[Round "6"]
[White "Popovic,Dr"]
[Black "Vujacic,B"]
[Result "0-1"]
[WhiteElo "2329"]
[BlackElo "2417"]

1.e4 c5 2.Nf3 d6 3.Bb5+ Nc6 4.O-O Bd7 5.c3 Nf6 6.Re1 a6 7.Ba4 b5 8.Bc2 c4
9.b3 e5 10.a4 Be7 11.Na3 cxb3 12.Bxb3 O-O 13.Rb1 bxa4 14.Bxa4 Qc7 15.Nc2 Rfb8
16.Ba3 Bf8 17.Rxb8 Rxb8 18.Nb4 Nxb4 19.Bxb4 a5 20.Ba3 Bc6 21.Bc2 Ba8 22.Qa1 h6
23.Qa2 g6 24.Nh4 Kg7 25.g3 d5 26.Bxf8+ Rxf8 27.exd5 Bxd5 28.Qa4 Rd8 29.Qb5 Rb8
30.Qe2 Rb2 31.Ba4 Ra2 32.Bb5 a4 33.Ng2 a3 34.Ne3 Ba8 35.h3 Rb2 36.Kh2 Qd8
37.Rd1 Ne4  0-1

[Event "VIII Leonardo di Bona Open"]
[Site "Cutro ITA"]
[Date "2002.04.25"]
[Round "2"]
[White "Janev,E"]
[Black "Aleksic,Nen1"]
[Result "1-0"]
[WhiteElo "2521"]
[BlackElo "2381"]

1.e4 c5 2.Nf3 d6 3.Bb5+ Nd7 4.c3 Nf6 5.O-O e6 6.Re1 Be7 7.d4 O-O 8.e5 Nd5
9.Bd3 cxd4 10.exd6 Bxd6 11.cxd4 b6 12.Bg5 Qe7 13.Bd2 Bb7 14.Nc3 N7f6 15.a3 Nxc3
16.bxc3 Rac8 17.a4 Qc7 18.Ne5 Rfd8 19.Re3 g6 20.Qe2 Bf8 21.Rh3 Bg7 22.Re1 Qd6
23.Qe3 Qd5 24.Qg3 Qa2 25.Bg5 Rxc3 26.Qf4 Qd5 27.Bf1 Rxh3 28.Bxf6 Bxf6 29.Qxf6 Rf8
30.Qe7 Kg7 31.Nd7 Rc8 32.Nf6 Qc6 33.d5  1-0